Ůdvözlés! /

Úvodník košického evanjelického farára Vojtecha Mohra, ktorý touto cestou víta účastníkov konventu - snemovania evanjelikov v Košiciach v dňoch 25.-26. septembra 1909.

Podrobná bibliografia
Hlavný autor: Mohr, Vojtech (Author)
Médium: Článok
Jazyk:Hungarian
Témy:
Zdroj: 1. Felsőmagyarország : Kassai Napló 1. Roč. 25, č. 221 (26.09.1909) s. 1
LEADER 00978nab#a2200337#ar4500
001 000079936
003 SVKKK
005 20080229091710.0
008 060725c xo huno
FMT
038 |a SVKKK 
040 |a SVKKK  |b slo  |e AACR2 
041 0 |a hun 
044 |a xo  |c SK 
080 |a 284.1:257 
080 |a 284.1:262.1 
100 1 |a Mohr, Vojtech  |4 aut 
242 1 0 |a Pozdrav ! 
245 1 0 |a Ůdvözlés! /  |c Vojtech Mohr. 
500 |a Ex/M 74 
520 2 |a Úvodník košického evanjelického farára Vojtecha Mohra, ktorý touto cestou víta účastníkov konventu - snemovania evanjelikov v Košiciach v dňoch 25.-26. septembra 1909. 
650 0 4 |a konvent evanjelický a.v. (Košice, Slovensko)  |x konvent  |y 25.-26.09.1909 
773 0 |t Felsőmagyarország : Kassai Napló  |g Roč. 25, č. 221 (26.09.1909) s. 1 
957 |a Košice 
958 |a CI 
958 |a DG 
958 |a SK 
974 |a Ba 
992 |a RBX 
BAS
998 |a RETRO